The educational philosophy and practice of Syed Muhammad Naquib Al-Attas : an exposition on the original concept of islamization

Main Author: Wan Mohd Nor Wan Daud
Corporate Author: International Institute of Islamic Thought and Civilization (Kuala Lumpur, Malaysia)
Published: Kuala Lumpur: International Institute of Islamic Thought and Civilization ( ISTAC ), 1998.
Subjects:
LEADER 00858cam a2200193 7i4500
001 0000019649
005 20020821090000.0
020 # 0 |a 9839379097(hard cov)  
090 0 0 |a LC 904   |b M697 
100 0 1 |a Wan Mohd Nor Wan Daud  
245 1 4 |a The educational philosophy and practice of Syed Muhammad Naquib Al-Attas :   |b an exposition on the original concept of islamization   |c Wan Mohd Nor Wan Daud. 
260 # # |a Kuala Lumpur:   |b International Institute of Islamic Thought and Civilization ( ISTAC ),   |c 1998. 
300 # # |a xiv, 507 p.;   |c 22 cm.. 
504 0 0 |a Includes bibliographical references (p. 423-459) and indexes 
650 0 0 |a Philosophy, Islamic  
650 0 0 |a Islam --   |z Malaysia  
650 0 0 |a Islamic education  
710 2 1 |a International Institute of Islamic Thought and Civilization (Kuala Lumpur, Malaysia)  
999 |a 1100006838  |b Book  |c Open Shelf  |e KOLEKSI TERBUKA